• 首页
  • 本馆介绍
  • 公告通知
  • 最新文献
  • 馆藏检索
  • 电子资源
  • 读者导购
  • 参考咨询
  • 我的图书馆
  • 登录
  • 详细信息显示
  • 放入我的书架
  • 预约/预借图书
  • 作者相关作品
  • 分类相关作品
  • 丛书相关作品
  • 出版社相关作品

书目信息

  • 表格格式
  • 工作单格式
  • 卡片格式
题名:
世界大战
    
 
作者: 刘雪冰 , 崔祝 , 许小静 编著
分册:  
出版信息: 徐州   中国矿业大学出版社  1992.04
页数: 230页
开本: 19cm
丛书名:
单 册:
中图分类: G811.21
科图分类:
主题词: 体育事业--世界
电子资源:
ISBN: 7-81021-652-X
000 00775nam0 2200229 45
001 0405081016
005 20040508101936.4
010    @a7-81021-652-X@dCNY3.75
100    @a20040508d1992 km y0chiy0120 ea
101 0  @achi
105    @a z 000yy
200 1  @a世界大战@AShi Jie Da Zhan@e巴塞罗那奥运会纵横谈@EBa Sai Luo Na Ao Yun Hui Zong Heng Tan@f刘雪冰,崔祝,许小静编著@FLiu Xue Bing,Cui Zhu,Xu Xiao Jing Bian Zhu
210    @a徐州@c中国矿业大学出版社@d1992.04
215    @a230页@c照片@d19cm
517    @a巴塞罗那奥运会纵横谈@ABa Sai Luo Na Ao Yun Hui Zong Heng Tan
606 0  @a体育事业@x世界
690    @aG811.21@v3
701  0 @a刘雪冰@4编著
701  0 @a崔祝@4编著
701  0 @a许小静@4编著
801    @aCN@bTSTCL@c20040508
905    @f4@b248065-068@dG811.21@e18
    
    世界大战:巴塞罗那奥运会纵横谈/刘雪冰,崔祝,许小静编著.-徐州:中国矿业大学出版社,1992.04
    230页:照片;19cm
    
    
    ISBN 7-81021-652-X:CNY3.75
    
●
相关链接 在E读中查询图书 在五车中查询图书 在当当中查询图书 在豆瓣中查询图书


正题名:世界大战     索取号:G811.21/18         预约/预借

序号 登录号 条形码 馆藏地/架位号 状态 备注
1 0248065   000299082   密集书库/ [索取号:G811.21/18] 在馆    
2 0248066   000299064   密集书库/ [索取号:G811.21/18] 在馆    
3 0248067   000299019   密集书库/ [索取号:G811.21/18] 在馆    
4 0248068   000299055   密集书库/ [索取号:G811.21/18] 在馆    
5 0248069   000299073   第一样本阅览室/ [索取号:G811.21/18] 在馆    
唐山师范学院图书馆 欢迎您!
大连网信软件有限公司© 版权所有